000 00948nam0a22002531 4500
001 v19\rc\1674245
005 20250619014456.0
035 _a(NLR Aleph) 004781226
090 _a4675556
_c4675556
100 _a20061002d1894 |||y0rusy50 ca
101 1 _arus
_cepo
102 _aRU
105 _aa z |||||
200 1 _aПалец-календарь
_eПростой способ верного определения какого угодно числа в каком угодно году
_fОригинально написан на междунар. яз. эсперанто част. учителем Яковом Гроном
210 _aОдесса
_cизд. И.Л.П.
_d1894
215 _a8 с.
_cил.
_d16
700 1 _aГрон
_bЯ.
_gЯков
801 0 _aRU
_bNLR
_gpsbo
801 0 _aRU
_bRuMoRGB
_2psbo
801 1 _aRU
_bProSoft-M
_2rusmarc
852 _aNLR
_j18.262.7.106
899 _aRuMoRGB
_jU 419/654
942 _cBOOK
980 _aNB